Biographisches Lexikon zum Dritten Reich / (Titelsatznr. 41745)
[ MARC ]
| 000 -Satzkennung | |
|---|---|
| Kontrollfeld mit fester Länge | 00724nam a22002171c 4500 |
| 001 - Kontrollnummer | |
| Kontrollfeld | 331203049 |
| 008 - Feld mit fester Länge zur physischen Beschreibung - Allgemeine Angaben | |
| Kontrollfeld mit fester Länge | 170406s2002 gw |||| 000u ger d |
| 020 ## - Internationale Standardbuchnummer | |
| Internationale Standardbuchnummer | 3596130867 |
| Verknüpfung | 3-596-13086-7 |
| 041 ## - Sprachcode | |
| Sprachcode des Textes/der Tonspur oder des separaten Titels | ger |
| 040 ## - Katalogisierungsquelle | |
| Übertragungsstelle | RU-10907106 |
| 003 - Kontrollnummer Identifier | |
| Kontrollfeld | RU-10907106 |
| 245 00 - Titel | |
| Titel | Biographisches Lexikon zum Dritten Reich / |
| Verfasserangabe etc. | Hermann Weiß (Hg.) |
| 250 ## - Ausgabebezeichnung | |
| Ausgabebezeichnung | Überarb. Neuausg. |
| 264 ## - Produktion, Veröffentlichung, Distribution, Herstellung und Urheberrechtsvermerk | |
| Herstellungs-, Veröffentlichungs- Vertriebs-, Erzeugungsort | Frankfurt am Main : |
| Produzent, Herausgeber, Distributor, Hersteller | Fischer-Tachenbuch-Verl., |
| Datum der Herstellung, der Veröffentlichung, des Vertriebs oder des Urheberschutzvermerks | 2002 |
| 300 ## - Physische Beschreibung | |
| Umfang | 503 S. |
| 490 #4 - Gesamttitelangabe | |
| Gesamttitelangabe | Die Zeit des Nationalsozialismus |
| Bandnummer/Folgebezeichnung | 13086 |
| 650 #0 - Nebeneintragung unter einem Schlagwort - Sachschlagwort | |
| Sachschlagwort oder geografischer Name als Eintragungselement | Drittes Reich |
| 700 1# - Nebeneintragung - Personenname | |
| Personenname | Weiß, Hermann |
| Funktionsbezeichnung | HerausgeberIn |
| 856 4# - Elektronische Adresse und Zugriff | |
| URL | <a href="http://hsozkult.geschichte.hu-berlin.de/rezensionen/type=rezbuecher&id=4250">http://hsozkult.geschichte.hu-berlin.de/rezensionen/type=rezbuecher&id=4250</a> |
| OPAC-Notiz | Buchrezension (H-Soz-u-Kult) |
| 942 ## - Zusätzliche Felder (Koha) | |
| Koha-Medientyp | Monographien |
| Ausgeschieden | Verloren | Klassifikation oder Aufstellungssystematik | Beschädigt | Nicht entleihbar | Heimatbibliothek | Aufenthaltsbibliothek | Aufstellungsort | Erwerbungsdatum | Inventarnummer | Signatur | Barcode | Letzte Aktivität | Preis gültig von | Koha-Medientyp |
|---|---|---|---|---|---|---|---|---|---|---|---|---|---|---|
| Andere/Generische Klassifikation | MWN Osteuropa | MWN Osteuropa | Lesesaal - 1 | 06/04/2017 | 17-01570 | D 52 ab 107 | E004015078F6AA02 | 23/02/2021 | 22/03/2021 | Monographien |